• 首页
  • 本馆介绍
  • 公告通知
  • 最新文献
  • 馆藏检索
  • 电子资源
  • 读者导购
  • 参考咨询
  • 我的图书馆
  • 登录
  • 详细信息显示
  • 放入我的书架
  • 预约/预借图书
  • 作者相关作品
  • 分类相关作品
  • 丛书相关作品
  • 出版社相关作品

书目信息

  • 表格格式
  • 工作单格式
  • 卡片格式
题名:
什么是营销
    
 
作者: 曹虎 , 王赛 著
分册:  
出版信息: 北京   机械工业出版社  2020.09
页数: XXII, 305页
开本: 21cm
丛书名: 科特勒新营销系列
单 册:
中图分类: F713.56
科图分类:
主题词: 营销管理--ying xiao guan li
电子资源:
ISBN: 978-7-111-66272-3
000 01256nam 2200301 450
001 CAL 0120203068978
005 20230217093112.0
010    @a978-7-111-66272-3@dCNY69.00
100    @a20200910d2020 em y0chiy0120 ea
101 0  @achi
102    @aCN@b110000
105    @ay z 000yy
106    @ar
200 1  @a什么是营销@Ashen me shi ying xiao@d= What is marketing@f曹虎, 王赛著@zeng
210    @a北京@c机械工业出版社@d2020.09
215    @aXXII, 305页@d21cm
225 2  @a科特勒新营销系列@Ake te le xin ying xiao xi lie
300    @a华章经管
314    @a曹虎, 科特勒咨询集团中国区总裁等职。王赛, 科特勒咨询集团中国区合伙人。
330    @a本书源自科特勒的营销管理理论, 由科特勒集团中国公司的三位合伙人从理解营销、洞察营销机会、探索顾客价值、创造顾客价值、整合营销渠道、传播顾客价值6个维度梳理了营销的关键思想和关键方法。如市场调研、洞察顾客需求、细分市场、选择目标市场、定位、设计产品、设计服务、定价、管理营销渠道、管理传播渠道、社群管理、数字化营销战略。
410  0 @12001 @a科特勒新营销系列
510 1  @aWhat is marketing@zeng
606 0  @a营销管理@Aying xiao guan li
690    @aF713.56@v5
701  0 @a曹虎@Acao hu@4著
701  0 @a王赛@Awang sai@4著
801  0 @aCN@bBJXHZP@c20230228
905    @b1385173-6@dF713.56@e1332@f4
    
    什么是营销= What is marketing/曹虎, 王赛著.-北京:机械工业出版社,2020.09
    XXII, 305页;21cm.-(科特勒新营销系列)
    华章经管
    
    ISBN 978-7-111-66272-3:CNY69.00
    本书源自科特勒的营销管理理论, 由科特勒集团中国公司的三位合伙人从理解营销、洞察营销机会、探索顾客价值、创造顾客价值、整合营销渠道、传播顾客价值6个维度梳理了营销的关键思想和关键方法。如市场调研、洞察顾客需求、细分市场、选择目标市场、定位、设计产品、设计服务、定价、管理营销渠道、管理传播渠道、社群管理、数字化营销战略。
●
相关链接 在E读中查询图书 在五车中查询图书 在当当中查询图书 在豆瓣中查询图书


正题名:什么是营销     索取号:F713.56/1332         预约/预借

序号 登录号 条形码 馆藏地/架位号 状态 备注
1 1385173   213851731   第一样本阅览室/ [索取号:F713.56/1332] 在馆    
2 1385174   213851740   第一借阅区/ [索取号:F713.56/1332] 在馆    
3 1385175   213851759   第一借阅区/ [索取号:F713.56/1332] 在馆    
4 1385176   213851768   第一借阅区/ [索取号:F713.56/1332] 在馆    
唐山师范学院图书馆 欢迎您!
大连网信软件有限公司© 版权所有